Страны на Балтийском море с картой - Statistics

General Stats
  • This quiz has been taken 1 605 times
  • The average score is 9 of 9
Answers on the Map
Answers color-coded by a green-red scale on the quiz's map according to % correct below.
 
Answer Stats
Страна % Correct
Латвия
99%
Литва
99%
Эстония
99%
Россия
98%
Финляндия
98%
Швеция
98%
Польша
97%
Германия
96%
Дания
95%
No matching quizzes found
Score Distribution
Percent of People with Each Score
Percentile by Number Answered
Your Score History
You have not taken this quiz